000
00301nam a2200109Ia 4500
008
171211s9999 xx 000 0 und d
245
_a
Innovative Tools for Health Education
245
_c
Marilyn Grechus
260
_c
2010
650
_x
FITNESS
856
_u
http://down.ebook777.com/064/0736089853.pdf
999
_c
349023
_d
349023